MARC

Tag First Indicator Second Indicator Subfields
LEADER 00000cam a2200000 i 4500
001 in00000796821
005 20151017082821.0
008 780711s1978 orua b f00010 eng d
010 |a gp 78017092  
020 |c pbk. 
035 |a (OCoLC)04044832 
035 |9 ADR6348AM 
037 |b 22161 
040 |c GPO  |d MvI-ocm  |d UtOrBLW 
074 |a 431-I-11 
086 |a EP 1.23:600/3-78-032 
100 1 |a Hergott, S. 
245 1 0 |a Power plant cooling water chlorination in northern California /  |c by S. Hergott, David Jenkins, and Jerome F. Thomas ; Sanitary Engineering Research Laboratory. 
264 1 |a Corvallis, Or. :  |b Environmental Protection Agency, Office of Research and Development, Corvallis Environmental Research Laboratory ;  |c 1978. 
264 2 |a Springfield, Va. :  |b For sale by the National Technical Information Service, 
300 |a xii, 65 pages :  |b illustrations ;  |c 28 cm. 
336 |a text  |b txt  |2 rdacontent 
337 |a unmediated  |b n  |2 rdamedia 
338 |a volume  |b nc  |2 rdacarrier 
490 1 |a Ecological research series ; EPA-600/3-78-032 
500 |a Prepared by Sanitary Engineering Research Laboratory under Grant number R803959. 
500 |a Issued March 1978. 
504 |a Includes bibliographical references. 
650 0 |a Electric power-plants  |x Cooling. 
650 0 |a Water  |x Purification  |x Chlorination. 
700 1 |a Jenkins, David. 
700 1 |a Thomas, Jerome F. 
710 2 |a University of California.  |b Sanitary Engineering Research Laboratory. 
710 2 |a Corvallis Environmental Research Laboratory. 
830 0 |a Research reporting series.  |n 3,  |p Ecological research ;  |v EPA-600/3-78-032. 
999 |a MARS 
999 f f |s cb400cd5-6c21-3340-ba0f-5e4e54e60184  |i 31207134-6a66-3baf-acff-63a41355b98c  |t 0 
952 f f |p normal  |a Texas A&M University  |b College Station  |c Sterling C. Evans Library  |d Evans: US Documents (Annex 5th floor)  |t 0  |e EP 1.23: 600/3-78-032  |h Superintendent of Documents classification  |i unmediated -- volume  |m A14814537595 
998 f f |a EP 1.23: 600/3-78-032  |t 0  |l Evans: US Documents (Annex 5th floor)